000
00218 a2200097 4500
001
35069
100
_a
Tucker
245
_a
Unified Introduction to Linear Algebra
260
_a
NY
_b
Macmillan
_c
090
_c
23217
_d
23217
942
_a
NUST-CAE
_c
M
_c
14689
999
_c
270142
_d
270142